| 000 | 011840000a22003370004500 | ||
|---|---|---|---|
| 001 | 768714001 | ||
| 003 | CO-MdFUSB | ||
| 005 | 20221024120819.0 | ||
| 008 | 170310t1982 enk||||| |||| 00| 0 eng d | ||
| 020 | _a334-00688-0 | ||
| 040 |
_aCO-MdFUSB _bspa _cCO-MdFUSB _dCO-MdFUSBC _erda |
||
| 041 | _aeng | ||
| 082 | 0 | 4 | _aG 128 M11s |
| 100 | 1 |
_aMacquarrie, John _eautor |
|
| 242 |
_aEn busca de la humanidad _b: aproximación a una teología y filosofía |
||
| 245 | 1 | 0 |
_aIn search of humanity _b: A theological and philosophical approach _c / John Macquarrie |
| 264 | 1 |
_aLondon : _bSCM Press, _c℗1982 |
|
| 264 | 4 | _c©[1982] | |
| 300 |
_a280 páginas _c; 22 cm. |
||
| 336 | _2rdacontent | ||
| 337 | _2rdamedia | ||
| 338 | _2rdacarrier | ||
| 501 | _aRústico | ||
| 504 | _aIncluye índice (páginas: 276-280) | ||
| 505 | _aConvertirse - Libertad - Trascendencia - Egoísmo - Corporalidad - Cognición - Tener - Sociabilidad - Idioma - Enajenación - Conciencia - Compromiso - Creencia - Amor - Arte - Religión - Sufrimiento - Muerte - Esperanza - Ser | ||
| 563 | _arústico | ||
| 650 | 0 |
_aAntropología _94 |
|
| 653 | _aHumanidad | ||
| 942 | _cBK | ||
| 945 | _aJTF-925 | ||
| 999 |
_c46135 _d46135 |
||